000 00655nam a2200241 a 4500
001 68590
003 BD-RjUL
005 20211209081805.0
008 170403s1962 e a 001 0 eng d
035 _a(BD-RjUL)68800
035 _a2523980
040 _aANL
_beng
_cANL
_dBD-RjUL
041 _aeng
082 0 4 _a759.052
_223
_bNER 1962
100 1 _aNewton, Eric,
_d1893-1965.
_9203307
245 1 4 _aThe romantic rebellion. /
_cEric Newton.
260 _aLondon :
_bLongmans,
_c1962
300 _a224 P. :
_bill. ;
_c24 cm
500 _aIncludes Indexes
650 0 _aRomanticism in art.
_9203308
650 0 _aArt
_xHistory.
_9123574
942 _2ddc
_cBK
999 _c68590
_d68590